Central Library OPAC University of Rajshahi

Principles and precedents of Moohummudan law : (Record no. 32894)

MARC details
000 -LEADER
fixed length control field 01369cam a2200277 a 4500
001 - CONTROL NUMBER
control field 32894
003 - CONTROL NUMBER IDENTIFIER
rucl marc code BD-RjUL
005 - DATE AND TIME OF LATEST TRANSACTION
control field 20211209051918.0
008 - FIXED-LENGTH DATA ELEMENTS--GENERAL INFORMATION
fixed length control field 140428s1977 pk b 001 0 eng d
035 ## - SYSTEM CONTROL NUMBER
System control number (OCoLC)13176332
System control number (BD-RjUL)32984
040 ## - CATALOGING SOURCE
Original cataloging agency FGM
Transcribing agency FGM
Modifying agency OCLCQ
-- BD-RjUL
Language of cataloging eng
041 ## - LANGUAGE CODE
Language code of text/sound track or separate title eng
082 04 - DEWEY DECIMAL CLASSIFICATION NUMBER
Classification number 297.3
Author mark and year MAP 1977
100 1# - MAIN ENTRY--PERSONAL NAME
Personal name Macnaghten, W. H.
Fuller form of name (William Hay),
Dates associated with a name 1793-1841.
9 (RLIN) 99999
245 10 - TITLE STATEMENT
Title Principles and precedents of Moohummudan law :
Remainder of title a selection of legal opinions ... with illustrative and explanatory notes and preliminary remarks /
Statement of responsibility, etc. by W H Macnaghten, Sir; William Sloan.
260 ## - PUBLICATION, DISTRIBUTION, ETC. (IMPRINT)
Place of publication, distribution, etc. Lahore :
Name of publisher, distributor, etc. Law Pub. Co.,
Date of publication, distribution, etc. 1977.
300 ## - PHYSICAL DESCRIPTION
Pagination lix, 556, xxvi pages ;
Size 23 cm
500 ## - GENERAL NOTE
General note "With additional notes and appendix containing questions for students and an alphabetical digest of principles of decisions on the law and customs, relating to Moohummudans, by the Privy Council and Supreme and Sudder Courts of Madras, Calcutta, Bombay and the North Western Provinces, from 1793 to 1859, selected from the latest published reports. By William Sloan."
504 ## - BIBLIOGRAPHY, ETC. NOTE
Bibliography, etc Includes bibliographical references and index.
650 #0 - SUBJECT ADDED ENTRY--TOPICAL TERM
Topical term or geographic name as entry element Islamic law
General subdivision Interpretation and construction.
9 (RLIN) 100000
Topical term or geographic name as entry element Islamic law
Geographic subdivision India.
9 (RLIN) 100001
700 1# - ADDED ENTRY--PERSONAL NAME
Personal name Sloan, William.
942 ## - ADDED ENTRY ELEMENTS (KOHA)
Source of classification or shelving scheme Dewey Decimal Classification
Koha item type Books
Holdings
Lost status Source of classification or shelving scheme Damaged status Not for loan Permanent Location Current Location Shelving location Date acquired Source of acquisition Cost, normal purchase price Total Checkouts Full call number Date last seen Copy number Koha item type Collection code
  Dewey Decimal Classification     Central Library, University of Rajshahi Central Library, University of Rajshahi   06/04/1983 Pak. Law House 75.00   297.14 MAP 1977 28/04/2014 C-2 Books  
  Dewey Decimal Classification     Central Library, University of Rajshahi Central Library, University of Rajshahi   06/04/1983 published United 75.00   297.3 MAP 1977 29/04/2014 C-3 Books Non-fiction